000 00869nam a2200193Ia 4500
003 GCL
008 140319s9999 xx 000 0 ara d
040 _aGCL /
_cGCL
082 0 4 _a810.9036
_bم ن
100 1 _aابن منظور : جمال الدين ابو الفضل محمد بن مكرم بن على بن احمد بن ابى القاسم بن حبقة الانصارى المصرى
245 1 0 _aكتاب نثار الازهار فى الليل والنهار /
_cابن منظور : جمال الدين ابو الفضل محمد بن مكرم بن على بن احمد بن ابى القاسم بن حبقة الانصارى المصرى
260 _a[S.N] :
_bدار مكتبة الحياة ،
_c1983
300 _a184 ص
490 _a
650 0 4 _aالادب العربى
650 0 4 _aفلسفة
650 0 4 _aالمجموعات
942 _2ddc
_cBK
999 _c55277
_d55277